Подробности
| 000 -МАРКЕР |
| контрольное поле |
02800nam2a2200289 4500 |
| 001 - ИДЕНТИФИКАТОР ЗАПИСИ |
| контрольное поле |
RU\NLR\BIBL_A\012584638 |
| 005 - ИДЕНТИФИКАТОР ВЕРСИИ |
| контрольное поле |
20210831144747.0 |
| 010 ## - МЕЖДУНАРОДНЫЙ СТАНДАРТНЫЙ НОМЕР КНИГИ (ISBN) |
| Номер (ISBN) |
978-5-8353-2754-6 |
| Тираж |
1000 |
| 021 ## - НОМЕР ГОСУДАРСТВЕННОЙ РЕГИСТРАЦИИ |
| Код страны |
Российская Федерация |
| Номер |
КН-П-21-026739 |
| Номер Листа государственной регистраци |
КН-П-21-2064 |
| 035 ## - ДРУГИЕ СИСТЕМНЫЕ НОМЕРА |
| Идентификатор записи |
(NLR Aleph) 012584638 |
| 100 ## - ДАННЫЕ ОБЩЕЙ ОБРАБОТКИ |
| Данные общей обработки |
20210824d2021 k y0rusy50 ca |
| 101 0# - ЯЗЫК РЕСУРСА |
| Язык текста, звукозаписи и т.д. |
русский |
| -- |
английский |
| -- |
китайский |
| Язык резюме |
английский |
| Язык оглавления |
русский |
| -- |
английский |
| 102 ## - СТРАНА ПУБЛИКАЦИИ ИЛИ ПРОИЗВОДСТВА |
| Страна публикации |
Российская Федерация |
| 105 ## - ПОЛЕ КОДИРОВАННЫХ ДАННЫХ: ТЕКСТОВЫЕ МАТЕРИАЛЫ, МОНОГРАФИЧЕСКИЕ |
| Кодированные данные о монографическом текстовом документе |
a z 110zy |
| 200 1# - ЗАГЛАВИЕ И СВЕДЕНИЯ ОБ ОТВЕТСТВЕННОСТИ |
| Основное заглавие |
Кузбасский Университариум стратега |
| Сведения, относящиеся к заглавию |
cборник статей участников сессии |
| 210 ## - ПУБЛИКАЦИЯ, РАСПРОСТРАНЕНИЕ И ДР. |
| Дата издания, распространения и т.д. |
2021 |
| 215 ## - ФИЗИЧЕСКАЯ ХАРАКТЕРИСТИКА |
| Специфическое обозначение материала и объем |
204, [1] с. |
| Другие сведения о физической характеристике |
ил., цв. ил., табл. |
| 300 ## - ОБЩИЕ ПРИМЕЧАНИЯ |
| Текст примечания |
Текст рус., англ., кит. |
| 320 ## - ПРИМЕЧАНИЯ О НАЛИЧИИ В ДОКУМЕНТЕ БИБЛИОГРАФИИ / УКАЗАТЕЛЯ |
| Текст примечания |
Библиогр. в конце ст. |
| 461 #0 - УРОВЕНЬ НАБОРА |
| Встроенное поле |
001RU\NLR\BIBL_A\012584634 |
| -- |
2001#$aТеория и практика стратегирования$eIV Международная научно-практическая конференция (25-26 февраля 2021 г.)$eсборник избранных научных статей и материалов конференции$fКемеровский государственный университет, Институт экономики и управления, Кафедра стратегии регионального и отраслевого развития [и др.]$gпод научной редакцией академика, Иностранного члена РАН, д.э.н., проф. В. Л. Квинта$vТ. 3 |
| Системный номер (АБИС) связанной записи |
12533035 |
| Место публикации |
Кемерово [и др.] |
| Дата публикации |
2021 |
| Первые сведения об ответственности |
Кемеровский государственный университет, Институт экономики и управления, Кафедра стратегии регионального и отраслевого развития [и др.] |
| Параллельное заглавие |
Strategizing: theory and practice |
| Имя издателя, распространителя и т.д. |
Кемеровский государственный университет |
| Сведения, относящиеся к заглавию |
IV Международная научно-практическая конференция (25-26 февраля 2021 г.) : сборник избранных научных статей и материалов конференции |
| Заглавие |
Теория и практика стратегирования |
| Номер тома |
Т. 3 |
| 711 12 - НАИМЕНОВАНИЕ ОРГАНИЗАЦИИ - АЛЬТЕРНАТИВНАЯ ОТВЕТСТВЕННОСТЬ |
| Начальный элемент ввода |
"Теория и практика стратегирования", международная научно-практическая конференция |
| Структурное подразделение |
Сессия "Кузбасский Университариум стратега" |
| Порядковый номер временной организации и / или порядковый номер ее части |
4 |
| Место проведения временной организации |
Москва и др. |
| -- |
Кемерово |
| Дата проведения временной организации |
2021 |
| Системный номер авторитетной/нормативной записи |
764815 |
| Идентификатор авторитетной/нормативной записи |
RU\NLR\AUTH\880549564 |
| 942 ## - ДОПОЛНИТЕЛЬНЫЕ ЭЛЕМЕНТЫ ЗАПИСИ (АБИС) |
| Тип экземпляра АБИС |
Книга |
| 980 ## - КОЛЛЕКЦИЯ |
| Название коллекции |
Национальная библиография |